000 01513cam a2200421 4500
001 21793
003 VRT
005 20260309151654.0
008 200519s2018 xo er 010 fdslo
015 _aSNBA2019/05
020 _a9788056903179
_q(viazané)
035 _aurn:nbn:sk:snk-am00dy8x
035 _aurn:nbn:sk:snk-am3i9aq
035 _aEE9ED59B-28C6-4F84-BAD1-40FE3CF532C7
039 9 _a202005190730
_bVLOAD
_c202005070809
_dVLOAD
_c201905140939
_dmsnk159
_c201905031546
_dmsnk134
040 _aTTKJF
_bslo
_cTTKJF
_dSNK
_erda
041 0 _aslo
044 _axo
_cSK
072 7 _a821.162.4-3
_xSlovenská próza
_2konspekt
080 _a821.162.4-31
_22011
100 1 _aKiráľová, Patrícia,
_d1993-
_4aut
245 1 0 _aLáska po arabsky
_cPatrícia Kiráľová
250 _aVydanie prvé
264 1 _aBratislava
_bMarenčin PT
_c2018
300 _a157 strán
_c21 cm
336 _atext
_btxt
_2rdacontent
337 _abez média
_bn
_2rdamedia
338 _azväzok
_bnc
_2rdacarrier
500 _aObsahuje biografické údaje o autorke na záložke prebalu knihy
655 7 _aslovenské romány
_2SNKPH
655 7 _aSlovak fiction
_2SNKPHeng
942 _2ddc
_cKLDO
_n0
949 _6270001000602136
_asvkbbA 157297
_bsvkbbm 783130
949 _617A1371684
_asnkSC 184141
_bsnk2019/12563
_o909/2019
_s6100:20190523
949 _617A1371685
_asnkSC 184141 D1
_bsnk2019/12564
_o909/2019
949 _62889343866
_asavukPV 28071
_bsavuk2019/1763
949 _6273K0643287
_asvkpoA 241913
_bsvkpo635576
999 _c21793
_d21793